Uravnenija svertki v mnogomernnych prostranstvach
Salvato in:
| Autore principale: | |
|---|---|
| Natura: | Libro |
| Lingua: | russo |
| Pubblicazione: |
Moskva :
Nauka,
1982
|
| Tags: |
Nessun Tag, puoi essere il primo ad aggiungerne!!
|
MARC
| LEADER | 00000nam a22000003a 4500 | ||
|---|---|---|---|
| 001 | stu140419 | ||
| 005 | 20150617225926.0 | ||
| 008 | 070424s1982------------------------rus-d | ||
| 040 | |a STU |b slo | ||
| 041 | 0 | |a rus | |
| 080 | |a 517.5 | ||
| 100 | 1 | |a Napalkov, Valentin Vasilievič |4 aut | |
| 245 | 1 | |a Uravnenija svertki v mnogomernnych prostranstvach | |
| 260 | |a Moskva : |b Nauka, |c 1982 | ||
| 300 | |a 240 s | ||
| 996 | |b E50698 |c E*50698 |l EE03 |s P |a 0 |w stu140419_0002 | ||